| 000 | 01627cam a2200397 a 4500 | ||
|---|---|---|---|
| 001 | 14562628 | ||
| 003 | OSt | ||
| 005 | 20151015100512.0 | ||
| 008 | 060921s2006 nyu b 000 1 eng | ||
| 010 | _a 2006050173 | ||
| 020 | _a0743272501 | ||
| 020 | _a9780743272506 | ||
| 035 | _a(OCoLC)ocm71810153 | ||
| 040 |
_aDLC _cDLC _dIG# _dBAKER _dVP@ _dZS3 _dYDXCP _dDLC |
||
| 043 | _ae-uk--- | ||
| 050 | 0 | 0 |
_aPR6057.R386 _bB65 2006 |
| 082 | 0 | 0 |
_a823/.914 _222 |
| 100 | 1 | _aGregory, Philippa. | |
| 245 | 1 | 4 |
_aThe Boleyn inheritance / _cPhilippa Gregory. |
| 260 |
_aNew York : _bSimon & Schuster, _cc2006. |
||
| 300 |
_a518 p. ; _c25 cm. |
||
| 500 | _a"A Touchstone book." | ||
| 504 | _aIncludes bibliographical references (p. 516-518). | ||
| 600 | 0 | 0 |
_aAnne, _cof Cleves, Queen, consort of Henry VIII, King of England, _d1515-1557 _vFiction. |
| 600 | 0 | 0 |
_aCatharine Howard, _cQueen, consort of Henry VIII, King of England, _d-1542 _vFiction. |
| 600 | 1 | 0 |
_aBoleyn, Jane, _cViscountess Rochford, _d-1542 _vFiction. |
| 650 | 0 |
_aQueens _zGreat Britain _vFiction. |
|
| 651 | 0 |
_aGreat Britain _xHistory _yHenry VIII, 1509-1547 _vFiction. |
|
| 655 | 7 |
_aHistorical fiction. _2gsafd |
|
| 856 | 4 | 2 |
_3Publisher description _uhttp://www.loc.gov/catdir/enhancements/fy0708/2006050173-d.html |
| 856 | 4 | 1 |
_3Sample text _uhttp://www.loc.gov/catdir/enhancements/fy0708/2006050173-s.html |
| 856 | 4 | 2 |
_3Contributor biographical information _uhttp://www.loc.gov/catdir/enhancements/fy1013/2006050173-b.html |
| 906 |
_a7 _bcbc _corignew _d1 _eocip _f20 _gy-gencatlg |
||
| 942 |
_2lcc _cBK |
||
| 999 |
_c250707 _d250707 |
||